[Event "GRENKE Chess Classic 2019"]
[Site "Karlsruhe/Baden Baden GER"]
[Date "2019.04.22"]
[Round "3"]
[White "Keymer, Vincent"]
[Black "Caruana, Fabiano"]
[Result "0-1"]
[WhiteElo "2516"]
[BlackElo "2819"]
[PlyCount "84"]
[EventDate "2019.04.20"]

1. d4 Nf6 2. c4 e6 3. Nf3 Bb4+ 4. Bd2 Qe7 5. g3 Nc6 6. a3 Bxd2+ 7. Qxd2 d5 8.
Bg2 O-O 9. O-O b6 10. Qc2 Bb7 11. cxd5 exd5 12. Nc3 Nd8 13. e3 c5 14. Rfd1 Ne6
15. Rac1 Rfd8 16. Qb1 Rac8 17. b4 c4 18. Ne5 g6 19. h4 Nf8 20. Qb2 N8d7 21. f4
a6 22. Bh3 b5 23. g4 Nxe5 24. fxe5 Ne4 25. Nxe4 dxe4 26. g5 Rc7 27. Rf1 Bd5 28.
Rf6 Rc6 29. Qf2 a5 30. h5 axb4 31. axb4 Rf8 32. Rf1 c3 33. Kh2 Ra8 34. hxg6
hxg6 35. Rxc6 Bxc6 36. Rc1 Qxb4 37. Kg3 Qa3 38. Rh1 c2 39. e6 Be8 40. Qd2 Qd3
41. Qf2 Ra3 42. Kf4 Qd1 0-1

[Event "GRENKE Chess Classic 2019"]
[Site "Karlsruhe/Baden Baden GER"]
[Date "2019.04.22"]
[Round "3"]
[White "Aronian, Levon"]
[Black "Vallejo Pons, Francisco"]
[Result "1/2-1/2"]
[WhiteElo "2763"]
[BlackElo "2693"]
[PlyCount "62"]
[EventDate "2019.04.20"]

1. e4 e6 2. d4 d5 3. Nc3 Nf6 4. e5 Nfd7 5. f4 c5 6. Nf3 Nc6 7. Be3 cxd4 8. Nxd4
Qb6 9. Qd2 Qxb2 10. Rb1 Qa3 11. Bb5 Nxd4 12. Bxd4 a6 13. Bxd7+ Bxd7 14. Rb3 Qe7
15. Rxb7 Rc8 16. Qe3 Qd8 17. O-O Rc4 18. Rfb1 Be7 19. f5 Bg5 20. Qf2 exf5 21.
e6 fxe6 22. Bxg7 Rg8 23. Be5 d4 24. Qe2 Be3+ 25. Kf1 Qh4 26. Rxd7 Kxd7 27. Rb7+
Ke8 28. Rb8+ Kf7 29. Rb7+ Ke8 30. Rb8+ Kf7 31. Rb7+ Ke8 1/2-1/2

[Event "GRENKE Chess Classic 2019"]
[Site "Karlsruhe/Baden Baden GER"]
[Date "2019.04.23"]
[Round "4"]
[White "Caruana, Fabiano"]
[Black "Carlsen, Magnus"]
[Result "1/2-1/2"]
[WhiteElo "2819"]
[BlackElo "2845"]
[PlyCount "142"]
[EventDate "2019.04.20"]

1. e4 c5 2. Nf3 Nc6 3. d4 cxd4 4. Nxd4 Nf6 5. Nc3 e5 6. Ndb5 d6 7. Nd5 Nxd5 8.
exd5 Ne7 9. c4 Ng6 10. Qa4 Bd7 11. Qb4 Bf5 12. h4 h5 13. Bg5 Qb8 14. Qa4 Bd7
15. Qc2 Bxb5 16. cxb5 Be7 17. Bd3 Nf8 18. b6 Nd7 19. bxa7 Qxa7 20. O-O Bxg5 21.
hxg5 O-O 22. Bf5 Rad8 23. b4 Qd4 24. Qc7 Nb6 25. Rad1 Qf4 26. Bh3 Na4 27. g6
fxg6 28. Qc2 b5 29. Qxg6 Rf6 30. Qxh5 g6 31. Qg4 Qxg4 32. Bxg4 Rf4 33. Be6+ Kg7
34. Rc1 Rxb4 35. Rc7+ Kh6 36. g3 Nc5 37. f4 exf4 38. Rxf4 Rxf4 39. gxf4 Ra8 40.
Rc6 Ne4 41. Bh3 Rxa2 42. Bg2 Ng3 43. Rxd6 Ne2+ 44. Kf1 Nxf4 45. Be4 Ra4 46.
Bxg6 Nxg6 47. Rb6 Rf4+ 48. Ke1 b4 49. d6 Rd4 50. d7 Rxd7 51. Rxb4 Kg5 52. Ke2
Re7+ 53. Kd2 Kf5 54. Rb5+ Ne5 55. Rb4 Rd7+ 56. Ke2 Nd3 57. Ra4 Nf4+ 58. Ke1 Kg4
59. Ra3 Rd8 60. Rc3 Rh8 61. Ra3 Rh2 62. Kd1 Kf5 63. Re3 Nd5 64. Re8 Kf4 65. Kc1
Nc3 66. Re7 Ne4 67. Re8 Ke3 68. Re7 Rh6 69. Rc7 Kd3 70. Rd7+ Rd6 71. Rxd6+ Nxd6
1/2-1/2

[Event "GRENKE Chess Classic 2019"]
[Site "Karlsruhe/Baden Baden GER"]
[Date "2019.04.23"]
[Round "4"]
[White "Naiditsch, Arkadij"]
[Black "Keymer, Vincent"]
[Result "1-0"]
[WhiteElo "2695"]
[BlackElo "2516"]
[PlyCount "71"]
[EventDate "2019.04.20"]

1. e4 c5 2. Nc3 a6 3. Nge2 d6 4. a4 Nf6 5. g3 Nc6 6. Bg2 e6 7. O-O Be7 8. f4
O-O 9. d3 Rb8 10. h3 Nd7 11. g4 h6 12. Ng3 Bh4 13. Nce2 b5 14. Kh2 b4 15. Be3
a5 16. Qd2 Ba6 17. b3 Qe7 18. Rg1 Rbc8 19. Raf1 g6 20. e5 d5 21. f5 Ncxe5 22.
Bxh6 Rfe8 23. fxg6 fxg6 24. g5 Nf7 25. Qf4 Nxh6 26. Qxh4 Nf7 27. Nh5 gxh5 28.
Rf6 Nxf6 29. gxf6 Qd6+ 30. Nf4 Kf8 31. Qg3 Red8 32. Re1 e5 33. Ng6+ Ke8 34.
Nxe5 Qxf6 35. Ng4+ Qe7 36. Nf6+ 1-0

[Event "GRENKE Chess Classic 2019"]
[Site "Karlsruhe/Baden Baden GER"]
[Date "2019.04.23"]
[Round "4"]
[White "Aronian, Levon"]
[Black "Svidler, Peter"]
[Result "1-0"]
[WhiteElo "2763"]
[BlackElo "2735"]
[PlyCount "75"]
[EventDate "2019.04.20"]

1. e4 e5 2. Nf3 Nc6 3. Bb5 a6 4. Ba4 Nf6 5. O-O Be7 6. Re1 b5 7. Bb3 O-O 8. a4
b4 9. d4 d6 10. dxe5 dxe5 11. Nbd2 Bc5 12. a5 h6 13. h3 Qd6 14. Qe2 Be6 15. Nc4
Qe7 16. Be3 Rab8 17. Bxc5 Qxc5 18. Ncd2 Rfe8 19. Qxa6 Ra8 20. Qe2 Nxa5 21. Bxe6
fxe6 22. Ra4 Ra7 23. Qe3 Qxe3 24. Rxe3 c5 25. Nxe5 Nc6 26. Rxa7 Nxa7 27. Rd3
Nb5 28. f3 Ra8 29. Nb3 Rc8 30. Nc4 Kf8 31. Kf2 Ke7 32. Rd1 g5 33. Ra1 Nd7 34.
Ke3 Nd6 35. Nxd6 Kxd6 36. Ra6+ Ke7 37. Na5 Ne5 38. g3 1-0

[Event "GRENKE Chess Classic 2019"]
[Site "Karlsruhe/Baden Baden GER"]
[Date "2019.04.23"]
[Round "4"]
[White "Meier, Georg"]
[Black "Vachier-Lagrave, Maxime"]
[Result "0-1"]
[WhiteElo "2628"]
[BlackElo "2773"]
[PlyCount "188"]
[EventDate "2019.04.20"]

1. d4 Nf6 2. c4 g6 3. Nc3 d5 4. Nf3 Bg7 5. h3 dxc4 6. e4 c5 7. d5 O-O 8. Bxc4
b5 9. Nxb5 Nxe4 10. O-O Ba6 11. Qe2 Nd6 12. Nxd6 Qxd6 13. Re1 Bxc4 14. Qxc4 Rd8
15. Bf4 Qxd5 16. Qxd5 Rxd5 17. Rxe7 Nc6 18. Re2 Nb4 19. Rae1 h6 20. b3 Kh7 21.
Re7 Rf5 22. Bg3 g5 23. Ne5 Kg8 24. Nc4 Bd4 25. R1e2 Nd5 26. Re8+ Rxe8 27. Rxe8+
Kh7 28. Ra8 Nc3 29. Rxa7 Ne2+ 30. Kh2 Bxf2 31. Bxf2 Rxf2 32. Ne5 Nf4 33. Rxf7+
Kg8 34. Rf6 Rxg2+ 35. Kh1 Re2 36. Nd7 Kg7 37. Ra6 Nxh3 38. Nxc5 Nf4 39. Ra4 Kg6
40. Ne4 Rb2 41. Ng3 Kf6 42. Ra6+ Ne6 43. Ra4 Nc5 44. Ra5 Nd3 45. Ra6+ Ke5 46.
Rxh6 Rxa2 47. Rh8 Rb2 48. Rf8 g4 49. Kg1 Rxb3 50. Re8+ Kd5 51. Rd8+ Ke6 52.
Re8+ Kf6 53. Rf8+ Ke7 54. Rg8 Rb1+ 55. Kg2 Nf4+ 56. Kf2 Rb2+ 57. Ke3 Nd5+ 58.
Kd4 Nf6 59. Rg5 Ke6 60. Re5+ Kf7 61. Rg5 Rb4+ 62. Ke5 Nh7 63. Rf5+ Kg6 64. Rf1
Rb3 65. Ne2 Rb5+ 66. Kd4 Ng5 67. Nf4+ Kf5 68. Ng2+ Nf3+ 69. Ke3 Rb3+ 70. Kf2
Nh2 71. Ra1 g3+ 72. Kg1 Nf3+ 73. Kh1 Rb2 74. Ra5+ Ke4 75. Ra1 Nd4 76. Kg1 Rf2
77. Ra4 Ke5 78. Ra5+ Kd6 79. Ra6+ Kc5 80. Ra5+ Kb4 81. Ra1 Kb3 82. Rd1 Nf3+ 83.
Kh1 Kb2 84. Rg1 Nxg1 85. Kxg1 Kc3 86. Ne3 Kd3 87. Nf1 Ke2 88. Nxg3+ Kf3 89. Nf5
Rd2 90. Nh4+ Kg3 91. Nf5+ Kg4 92. Ne3+ Kf3 93. Nf5 Rd5 94. Ne7 Rc5 0-1

[Event "GRENKE Chess Classic 2019"]
[Site "Karlsruhe/Baden Baden GER"]
[Date "2019.04.24"]
[Round "5"]
[White "Carlsen, Magnus"]
[Black "Naiditsch, Arkadij"]
[Result "1/2-1/2"]
[WhiteElo "2845"]
[BlackElo "2695"]
[PlyCount "119"]
[EventDate "2019.04.20"]

1. c4 e5 2. Nc3 Nf6 3. Nf3 Nc6 4. g3 Bb4 5. Nd5 a5 6. Bg2 O-O 7. O-O Re8 8. d3
Nxd5 9. cxd5 Nd4 10. Nxd4 exd4 11. e4 c6 12. Bf4 cxd5 13. a3 Bc5 14. b4 Bf8 15.
exd5 d6 16. bxa5 Qxa5 17. Bd2 Qa6 18. Qf3 g6 19. Bb4 Bf5 20. Rad1 Re5 21. g4
Bd7 22. Qf4 h5 23. h3 hxg4 24. hxg4 Qb6 25. Bf3 Ba4 26. Rc1 Bg7 27. Kg2 Bb3 28.
Rh1 Bxd5 29. Bxd5 Rxd5 30. Rh3 Qd8 31. Qf3 Rb5 32. Qg3 Qg5 33. Rc7 Rd8 34. Rh1
Qd5+ 35. Qf3 Qxf3+ 36. Kxf3 d5 37. Rhc1 Be5 38. Rc8 Rxc8 39. Rxc8+ Kg7 40. g5
f6 41. Re8 Rb6 42. Re7+ Kg8 43. Kg4 f5+ 44. Kf3 Bh2 45. Rd7 Rb5 46. Bd6 Bxd6
47. Rxd6 Rb3 48. Rxg6+ Kh7 49. Rh6+ Kg7 50. Kf4 Rxd3 51. a4 Rc3 52. Rd6 Rc5 53.
Rd7+ Kg6 54. Rxb7 Rc6 55. a5 d3 56. Ke3 Rc5 57. f4 d2 58. Kxd2 Rxa5 59. Rd7 Kh5
60. Ke3 1/2-1/2

[Event "GRENKE Chess Classic 2019"]
[Site "Karlsruhe/Baden Baden GER"]
[Date "2019.04.24"]
[Round "5"]
[White "Anand, Viswanathan"]
[Black "Caruana, Fabiano"]
[Result "1/2-1/2"]
[WhiteElo "2774"]
[BlackElo "2819"]
[PlyCount "80"]
[EventDate "2019.04.20"]

1. e4 e5 2. Nf3 Nc6 3. Bb5 Nf6 4. O-O Nxe4 5. Re1 Nd6 6. Nxe5 Be7 7. Bf1 Nxe5
8. Rxe5 O-O 9. d4 Bf6 10. Re1 Re8 11. c3 Rxe1 12. Qxe1 Ne8 13. d5 c6 14. Qd1 b6
15. Bf4 Bb7 16. dxc6 dxc6 17. Nd2 c5 18. Nc4 Qxd1 19. Rxd1 Rd8 20. Rxd8 Bxd8
21. Bb8 a6 22. a4 b5 23. axb5 axb5 24. Na3 b4 25. Nc4 bxc3 26. bxc3 Bd5 27. Ba7
Bxc4 28. Bxc4 Nd6 29. Bd5 Nb5 30. Bxc5 Nxc3 31. Bc6 Ne2+ 32. Kf1 Nf4 33. Be3
Ne6 34. g3 Bf6 35. Bd5 g6 36. Ke2 Kg7 37. Bxe6 fxe6 38. Kd3 Kf7 39. Ke4 h5 40.
h3 Be7 1/2-1/2

[Event "GRENKE Chess Classic 2019"]
[Site "Karlsruhe/Baden Baden GER"]
[Date "2019.04.24"]
[Round "5"]
[White "Vachier-Lagrave, Maxime"]
[Black "Aronian, Levon"]
[Result "1/2-1/2"]
[WhiteElo "2773"]
[BlackElo "2763"]
[PlyCount "49"]
[EventDate "2019.04.20"]

1. e4 e5 2. Nf3 Nc6 3. Bb5 a6 4. Ba4 Nf6 5. O-O Be7 6. Re1 b5 7. Bb3 O-O 8. a4
b4 9. a5 d6 10. d3 Be6 11. Bxe6 fxe6 12. Nbd2 d5 13. Nb3 d4 14. Bd2 Rb8 15. Rc1
Rb5 16. h3 Qd6 17. Bg5 Nd7 18. Bxe7 Qxe7 19. Nfd2 Nc5 20. Nc4 Nb7 21. Ra1 Nd6
22. Ncd2 Nb7 23. Nc4 Nd6 24. Ncd2 Nb7 25. Nc4 1/2-1/2

[Event "GRENKE Chess Classic 2019"]
[Site "Karlsruhe/Baden Baden GER"]
[Date "2019.04.24"]
[Round "5"]
[White "Svidler, Peter"]
[Black "Vallejo Pons, Francisco"]
[Result "1/2-1/2"]
[WhiteElo "2735"]
[BlackElo "2693"]
[PlyCount "82"]
[EventDate "2019.04.20"]

1. e4 e5 2. Nf3 Nc6 3. Bc4 Nf6 4. d3 h6 5. O-O d6 6. c3 g5 7. Nbd2 Bg7 8. Bb3
Nh5 9. Nc4 Nf4 10. Ne3 Be6 11. d4 exd4 12. Nf5 Bxf5 13. exf5 dxc3 14. bxc3 Ne5
15. Nxe5 dxe5 16. Qf3 O-O 17. Qxb7 Ne2+ 18. Kh1 Nxc1 19. Raxc1 Qf6 20. Qxc7
Qxf5 21. Bd5 Rad8 22. c4 Rd7 23. Qc6 Rfd8 24. Rcd1 Bf8 25. g3 Kg7 26. Kg2 Qf6
27. Qxf6+ Kxf6 28. Rb1 h5 29. h3 Bc5 30. Rb5 Rc7 31. Rfb1 g4 32. hxg4 hxg4 33.
Rb7 Rdc8 34. f3 Bb6 35. Rxc7 Rxc7 36. fxg4 e4 37. Rf1+ Kg7 38. Bxe4 Rxc4 39.
Rxf7+ Kxf7 40. Bd5+ Kg7 41. Bxc4 Bc5 1/2-1/2

[Event "GRENKE Chess Classic 2019"]
[Site "Karlsruhe/Baden Baden GER"]
[Date "2019.04.24"]
[Round "5"]
[White "Keymer, Vincent"]
[Black "Meier, Georg"]
[Result "1-0"]
[WhiteElo "2516"]
[BlackElo "2628"]
[PlyCount "161"]
[EventDate "2019.04.20"]

1. d4 e6 2. c4 Nf6 3. Nf3 d5 4. Nc3 dxc4 5. e4 b5 6. e5 Nd5 7. Nxb5 Nb6 8. Be2
Nc6 9. O-O Be7 10. Qd2 Bb7 11. Qf4 Qd7 12. Nc3 h6 13. Rd1 g5 14. Qg3 O-O-O 15.
Be3 Nb4 16. Nd2 h5 17. Nxc4 g4 18. Nxb6+ axb6 19. Bb5 Bc6 20. Bxc6 Qxc6 21. Qf4
Rdf8 22. d5 Nxd5 23. Nxd5 exd5 24. Rac1 Qb7 25. Qf5+ Kb8 26. Qd7 c5 27. Qxd5
Qxd5 28. Rxd5 Rd8 29. Rdd1 Kc7 30. Kf1 Kc6 31. Ke2 Rhe8 32. f4 f6 33. exf6 Bxf6
34. Rxd8 Rxd8 35. b3 Re8 36. Kd3 Rd8+ 37. Kc2 Re8 38. Re1 Kd5 39. a4 Re4 40.
Bd2 Rxe1 41. Bxe1 Ke4 42. f5 h4 43. Bc3 Bxc3 44. Kxc3 Kxf5 45. Kc4 Kf4 46. Kb5
Ke3 47. Kxb6 Kf2 48. a5 Kxg2 49. a6 Kxh2 50. a7 g3 51. a8=Q g2 52. Qb8+ Kh3 53.
Qc8+ Kh2 54. Qc7+ Kh3 55. Qd7+ Kh2 56. Qd6+ Kh3 57. Qe6+ Kh2 58. Qe5+ Kh3 59.
Qe1 c4 60. b4 c3 61. Kc6 c2 62. Qc1 Kh2 63. Qxc2 Kh3 64. Qd3+ Kh2 65. Qe2 Kh3
66. Qe3+ Kh2 67. Qf2 h3 68. b5 Kh1 69. Qg3 h2 70. Qf3 Kg1 71. Qe3+ Kf1 72. Qf4+
Kg1 73. b6 h1=Q 74. b7 Qh7 75. b8=Q Kh1 76. Qf3 Qc2+ 77. Kd5 Qd2+ 78. Ke4 Qc2+
79. Ke5 Qc5+ 80. Kf6 Qd4+ 81. Kg6 1-0

[Event "2nd Longtou Cup 2019"]
[Site "Qinhuangdao CHN"]
[Date "2019.04.23"]
[Round "7"]
[White "Wang, Hao"]
[Black "Antipov, Mikhail Al"]
[Result "1-0"]
[WhiteElo "2726"]
[BlackElo "2605"]
[PlyCount "63"]
[EventDate "2019.04.16"]

1. d4 Nf6 2. c4 c6 3. Nf3 d5 4. Nc3 a6 5. c5 g6 6. g3 Bg7 7. Bg2 O-O 8. O-O Ne8
9. Bf4 Nc7 10. Qd2 Re8 11. Rad1 Nd7 12. Rfe1 b6 13. cxb6 Nxb6 14. b3 Ne6 15.
Bh6 Bh8 16. e4 dxe4 17. Rxe4 Qd6 18. Ree1 Rd8 19. Qc1 Qc7 20. Ne5 Bxe5 21. Rxe5
Rxd4 22. Rxd4 Qxe5 23. Rb4 Qc5 24. a3 Nd4 25. Qd1 Qxc3 26. Rxd4 Bd7 27. Rxd7
Nxd7 28. Qxd7 Qa1+ 29. Bf1 Qf6 30. h4 Qd6 31. Qb7 Rb8 32. Qxa6 1-0

[Event "2nd Longtou Cup 2019"]
[Site "Qinhuangdao CHN"]
[Date "2019.04.24"]
[Round "8"]
[White "Xu, Yinglun"]
[Black "Wang, Hao"]
[Result "0-1"]
[WhiteElo "2532"]
[BlackElo "2726"]
[PlyCount "82"]
[EventDate "2019.04.16"]

1. d4 d5 2. c4 c6 3. Nf3 Nf6 4. Nc3 e6 5. e3 Nbd7 6. Bd3 dxc4 7. Bxc4 b5 8. Bd3
Bb7 9. O-O a6 10. e4 c5 11. d5 Qc7 12. dxe6 fxe6 13. Ng5 Qc6 14. Be2 Be7 15.
Bg4 b4 16. Nxe6 bxc3 17. Nxg7+ Kf7 18. Nf5 Nxg4 19. Qxg4 Rag8 20. Qf4 Ke8 21.
f3 Rg6 22. Qe3 Rhg8 23. Rf2 Ne5 24. Qxc3 Bf6 25. Qa3 Qd7 26. Bf4 Qd3 27. Bxe5
Qxa3 28. bxa3 Bxe5 29. Rc1 Rc6 30. Rfc2 Bf4 31. Rd1 Bc8 32. g3 Bxf5 33. exf5
Bd6 34. g4 Rg7 35. Rc4 Rd7 36. Re1+ Be7 37. Kf2 Kf7 38. Re2 Rh6 39. Kg2 Rd4 40.
Rec2 Rxc4 41. Rxc4 Rd6 0-1

[Event "3rd Du Te Cup 2019"]
[Site "Shenzhen CHN"]
[Date "2019.04.17"]
[Round "1"]
[White "Yu, Yangyi"]
[Black "Giri, Anish"]
[Result "1/2-1/2"]
[WhiteElo "2751"]
[BlackElo "2797"]
[PlyCount "61"]
[EventDate "2019.04.17"]

1. d4 Nf6 2. c4 e6 3. g3 d5 4. Bg2 Be7 5. Nf3 O-O 6. O-O dxc4 7. Qc2 a6 8. Qxc4
b5 9. Qc2 Bb7 10. Bd2 Be4 11. Qc1 c6 12. Rd1 Nbd7 13. Nc3 Bg6 14. a3 Rc8 15. b4
Nd5 16. Be1 Qc7 17. e3 h6 18. Qb2 N5b6 19. Qe2 Nc4 20. e4 Bh5 21. h3 e5 22. d5
c5 23. Rdc1 Rfe8 24. g4 Bg6 25. Nd1 Qd8 26. Nd2 Ncb6 27. Nb3 c4 28. Na5 Bg5 29.
Bd2 Na4 30. Nc3 Ndb6 31. Be3 1/2-1/2

[Event "3rd Du Te Cup 2019"]
[Site "Shenzhen CHN"]
[Date "2019.04.17"]
[Round "1"]
[White "Ding, Liren"]
[Black "Rapport, Richard"]
[Result "1/2-1/2"]
[WhiteElo "2809"]
[BlackElo "2726"]
[PlyCount "133"]
[EventDate "2019.04.17"]

1. d4 Nf6 2. c4 e6 3. g3 Bb4+ 4. Bd2 Qe7 5. Nf3 Nc6 6. Nc3 Bxc3 7. Bxc3 Ne4 8.
Rc1 d6 9. d5 Nxc3 10. Rxc3 Nd8 11. Bg2 O-O 12. dxe6 Nxe6 13. O-O Bd7 14. Re1
Rab8 15. e4 b5 16. cxb5 Rxb5 17. b3 a5 18. Bf1 Rc5 19. Rxc5 Nxc5 20. e5 Rb8 21.
Qd2 a4 22. b4 Ne6 23. a3 Rb6 24. exd6 Rxd6 25. Qc3 Qd8 26. Bc4 h6 27. h4 Be8
28. Bxe6 Rd3 29. Qc4 Rxf3 30. Qe4 Rd3 31. Bd5 Rxd5 32. Qxe8+ Qxe8 33. Rxe8+ Kh7
34. Ra8 c5 35. Rxa4 cxb4 36. axb4 Rd4 37. Kg2 g5 38. hxg5 hxg5 39. Kf3 Rd2 40.
Ke3 Rb2 41. Kd4 f5 42. f4 Kg6 43. Kc5 Rc2+ 44. Kd5 Rd2+ 45. Kc6 Rc2+ 46. Kd6
Rd2+ 47. Kc7 Rc2+ 48. Kd6 Rd2+ 49. Kc5 Rc2+ 50. Kd4 Rd2+ 51. Kc3 Rg2 52. b5
Rxg3+ 53. Kc4 Re3 54. b6 Re8 55. Kc5 gxf4 56. Rxf4 Kg5 57. Rb4 f4 58. b7 Rb8
59. Kc6 f3 60. Kc7 Rxb7+ 61. Kxb7 f2 62. Rb1 Kf4 63. Kc6 Kf3 64. Kd5 Kg2 65.
Ke4 f1=R 66. Rxf1 Kxf1 67. Kd5 1/2-1/2

[Event "3rd Du Te Cup 2019"]
[Site "Shenzhen CHN"]
[Date "2019.04.17"]
[Round "1"]
[White "Jakovenko, Dmitry"]
[Black "Harikrishna, Pentala"]
[Result "1/2-1/2"]
[WhiteElo "2719"]
[BlackElo "2723"]
[PlyCount "69"]
[EventDate "2019.04.17"]

1. e4 c5 2. Nf3 e6 3. d4 cxd4 4. Nxd4 Nc6 5. Nc3 Qc7 6. Be3 a6 7. Bd3 Nf6 8.
O-O Nxd4 9. Bxd4 Bc5 10. Bxc5 Qxc5 11. Na4 Qc7 12. c4 d6 13. Nc3 O-O 14. Be2
Rd8 15. Qd4 e5 16. Qe3 Be6 17. b3 Qc5 18. Qd3 Rac8 19. Rac1 Rc6 20. a4 h6 21.
Rfd1 Rdc8 22. h3 Qb4 23. Rb1 Qc5 24. Ra1 Qb6 25. Qd2 Qa5 26. Rdb1 Qd8 27. Qd1
Rc5 28. Rb2 b5 29. axb5 axb5 30. Nxb5 Nxe4 31. Bf3 d5 32. Bxe4 dxe4 33. Nd6 Rb8
34. Qd2 Rc6 35. Nxe4 1/2-1/2

[Event "3rd Du Te Cup 2019"]
[Site "Shenzhen CHN"]
[Date "2019.04.18"]
[Round "2"]
[White "Rapport, Richard"]
[Black "Jakovenko, Dmitry"]
[Result "1/2-1/2"]
[WhiteElo "2726"]
[BlackElo "2719"]
[PlyCount "62"]
[EventDate "2019.04.17"]

1. d4 Nf6 2. c4 e6 3. Nf3 d5 4. Nc3 Be7 5. g3 O-O 6. Bg2 dxc4 7. Ne5 c5 8. dxc5
Qxd1+ 9. Nxd1 Bxc5 10. Bd2 Nc6 11. Nxc4 Bd7 12. Nc3 Nd4 13. O-O Bc6 14. Be3
Bxg2 15. Kxg2 Rfc8 16. Rad1 Nf5 17. Bxc5 Rxc5 18. Nd6 Nxd6 19. Rxd6 Kf8 20.
Rfd1 Ke7 21. R6d4 Rac8 22. g4 h5 23. h3 hxg4 24. hxg4 R8c7 25. f3 Rd7 26. Kf2
Rxd4 27. Rxd4 Nd7 28. Ra4 a5 29. Ne4 Rb5 30. Nc3 Rc5 31. Ne4 Rb5 1/2-1/2

[Event "3rd Du Te Cup 2019"]
[Site "Shenzhen CHN"]
[Date "2019.04.18"]
[Round "2"]
[White "Giri, Anish"]
[Black "Harikrishna, Pentala"]
[Result "1-0"]
[WhiteElo "2797"]
[BlackElo "2723"]
[PlyCount "79"]
[EventDate "2019.04.17"]

1. e4 e5 2. Nf3 Nc6 3. Bc4 Bc5 4. c3 Nf6 5. d3 O-O 6. O-O d5 7. exd5 Nxd5 8.
Re1 Bg4 9. Nbd2 Nb6 10. h3 Bh5 11. Bb3 Qxd3 12. Nxe5 Bxd1 13. Nxd3 Bxb3 14.
axb3 Be7 15. b4 a6 16. Ne4 Nd7 17. Bf4 Rac8 18. Rad1 Rfd8 19. g4 Bf8 20. Kg2
Re8 21. Bg3 f6 22. f4 Re7 23. f5 Rce8 24. Nf4 Nd8 25. Rxd7 Rxd7 26. Nxf6+ gxf6
27. Rxe8 Kf7 28. Re3 Rd2+ 29. Re2 Rd1 30. Ne6 Nxe6 31. fxe6+ Ke8 32. Bxc7 Rd3
33. Bf4 Rd5 34. Kf3 Ke7 35. Re4 Bg7 36. Be3 f5 37. Bg5+ Bf6 38. Bxf6+ Kxf6 39.
g5+ Kxg5 40. Re3 1-0

[Event "3rd Du Te Cup 2019"]
[Site "Shenzhen CHN"]
[Date "2019.04.19"]
[Round "3"]
[White "Jakovenko, Dmitry"]
[Black "Yu, Yangyi"]
[Result "1/2-1/2"]
[WhiteElo "2719"]
[BlackElo "2751"]
[PlyCount "60"]
[EventDate "2019.04.17"]

1. e4 e5 2. Nf3 Nc6 3. Bc4 Nf6 4. d3 Be7 5. O-O O-O 6. Re1 d6 7. a4 Na5 8. Ba2
c5 9. c3 Nc6 10. Nbd2 h6 11. Nf1 Re8 12. h3 Bf8 13. Ne3 Be6 14. Bxe6 Rxe6 15.
Nd5 Re8 16. Nxf6+ Qxf6 17. Qb3 b6 18. Qb5 Rec8 19. Nd2 Be7 20. Nc4 Bd8 21. Ne3
Qe6 22. Qc4 Bg5 23. Nd5 Bxc1 24. Rexc1 Ne7 25. Ne3 Qd7 26. Qb5 Qe6 27. Qc4 Qd7
28. Qb5 Qe6 29. Qc4 Qd7 30. Qb5 Qe6 1/2-1/2

[Event "3rd Du Te Cup 2019"]
[Site "Shenzhen CHN"]
[Date "2019.04.19"]
[Round "3"]
[White "Harikrishna, Pentala"]
[Black "Rapport, Richard"]
[Result "1-0"]
[WhiteElo "2723"]
[BlackElo "2726"]
[PlyCount "109"]
[EventDate "2019.04.17"]

1. e4 e6 2. d4 d5 3. Nc3 Bb4 4. exd5 exd5 5. Bd3 Ne7 6. Nf3 O-O 7. O-O Nbc6 8.
Ne2 Bf5 9. Ng3 Bg6 10. Nh4 Bxd3 11. Qxd3 Qd7 12. h3 Ng6 13. Nhf5 Nce7 14. c3
Nxf5 15. Nxf5 Bd6 16. h4 Ne7 17. Nxd6 Qxd6 18. Qf3 c6 19. h5 Rfe8 20. Bg5 h6
21. Bd2 Rad8 22. Rae1 Qd7 23. Bf4 Nf5 24. Qg4 Re7 25. Rxe7 Nxe7 26. Qe2 Re8 27.
Re1 Kf8 28. Qd3 Nf5 29. Rxe8+ Kxe8 30. g4 Ne7 31. f3 Qe6 32. Kf2 f6 33. b3 Kf7
34. a4 Kg8 35. a5 a6 36. Qd2 Kf7 37. Bc7 Nc8 38. Qf4 Qe7 39. Bb6 Nxb6 40. axb6
c5 41. c4 dxc4 42. bxc4 cxd4 43. Qxd4 Qe6 44. Qd8 f5 45. Qc7+ Kf6 46. gxf5 Qxf5
47. c5 Qc2+ 48. Kg3 Qd1 49. Qf4+ Ke7 50. Qe5+ Kf7 51. c6 bxc6 52. b7 Qg1+ 53.
Kh3 Qf1+ 54. Kg4 Qg1+ 55. Qg3 1-0

[Event "3rd Du Te Cup 2019"]
[Site "Shenzhen CHN"]
[Date "2019.04.19"]
[Round "3"]
[White "Ding, Liren"]
[Black "Giri, Anish"]
[Result "1/2-1/2"]
[WhiteElo "2809"]
[BlackElo "2797"]
[PlyCount "60"]
[EventDate "2019.04.17"]

1. c4 Nf6 2. g3 e6 3. Bg2 d5 4. Nf3 Be7 5. O-O O-O 6. b3 d4 7. e3 c5 8. Ne5 Qc7
9. f4 Nfd7 10. Nf3 Nc6 11. Na3 a6 12. exd4 cxd4 13. d3 b5 14. Bb2 Qb6 15. Kh1
Bb7 16. Nc2 Bf6 17. Ba3 b4 18. Bb2 a5 19. g4 g6 20. Nd2 Nc5 21. Ne4 Nxe4 22.
dxe4 e5 23. f5 Nb8 24. Ne1 Nd7 25. Nd3 Nc5 26. Nxc5 Qxc5 27. Bc1 g5 28. a4 Kg7
29. h4 h6 30. h5 Rfd8 1/2-1/2

[Event "3rd Du Te Cup 2019"]
[Site "Shenzhen CHN"]
[Date "2019.04.20"]
[Round "4"]
[White "Jakovenko, Dmitry"]
[Black "Giri, Anish"]
[Result "1/2-1/2"]
[WhiteElo "2719"]
[BlackElo "2797"]
[PlyCount "64"]
[EventDate "2019.04.17"]

1. e4 c5 2. Nf3 e6 3. d4 cxd4 4. Nxd4 Nc6 5. Nc3 Nf6 6. Ndb5 d6 7. Bf4 e5 8.
Bg5 a6 9. Na3 b5 10. Nd5 Be7 11. Bxf6 Bxf6 12. c4 b4 13. Nc2 O-O 14. g3 Be6 15.
Bg2 Bxd5 16. cxd5 Nd4 17. O-O Nxc2 18. Qxc2 Bg5 19. h4 Bh6 20. a3 a5 21. axb4
axb4 22. Bh3 Ra5 23. Qc4 Bd2 24. Rfd1 b3 25. Qxb3 Qb8 26. Qxb8 Rxb8 27. Rxa5
Bxa5 28. Ra1 Bb4 29. Bd7 Bc5 30. Bc6 Bd4 31. Ra8 Rxa8 32. Bxa8 Bxb2 1/2-1/2

[Event "3rd Du Te Cup 2019"]
[Site "Shenzhen CHN"]
[Date "2019.04.20"]
[Round "4"]
[White "Harikrishna, Pentala"]
[Black "Ding, Liren"]
[Result "1-0"]
[WhiteElo "2723"]
[BlackElo "2809"]
[PlyCount "157"]
[EventDate "2019.04.17"]

1. e4 e5 2. Nf3 Nc6 3. Bb5 a6 4. Ba4 Nf6 5. O-O Be7 6. Re1 b5 7. Bb3 O-O 8. d3
d6 9. Bd2 Bg4 10. c3 Na5 11. Bc2 c5 12. h3 Bh5 13. Bc1 Nc6 14. Nbd2 d5 15. Nf1
dxe4 16. dxe4 Qxd1 17. Bxd1 Rfd8 18. Ng3 Bg6 19. Nh4 Nd7 20. Ngf5 Bf8 21. b3 b4
22. Bb2 c4 23. bxc4 Nc5 24. Bc2 Rd2 25. Rac1 Bxf5 26. Nxf5 Rad8 27. Kf1 a5 28.
Ne3 Nd3 29. Bxd3 Rxb2 30. Re2 Rxe2 31. Bxe2 Rd2 32. cxb4 Bxb4 33. c5 Ba3 34.
Rd1 Rxd1+ 35. Bxd1 Bxc5 36. Nc4 Bd4 37. Ba4 Nb4 38. a3 Nd3 39. Nxa5 Nc5 40. Bc6
Kf8 41. Nc4 Ke7 42. f3 Kd8 43. Ke2 Kc7 44. Bd5 f6 45. Bg8 h6 46. h4 Nb7 47. a4
Nd6 48. Nd2 Kb6 49. Nb3 Bc3 50. Bd5 Bb4 51. h5 Bc3 52. Kd3 Be1 53. Kc2 Bf2 54.
Nc1 f5 55. Nd3 Bg3 56. Kb3 fxe4 57. Bxe4 Ne8 58. Kb4 Nf6 59. a5+ Ka7 60. Bg6
Nd5+ 61. Kb5 Nc7+ 62. Ka4 Nd5 63. Be4 Nf6 64. Nb4 Nxh5 65. Nc6+ Ka8 66. Nxe5+
Kb8 67. Nc6+ Kc7 68. Kb5 Nf6 69. Nd4 Ne8 70. a6 Nd6+ 71. Kc5 Bf2 72. Kd5 Nc8
73. Nf5 Nb6+ 74. Ke6 Nd7 75. Kf7 g5 76. Nxh6 Kb6 77. Bb7 Be3 78. Ke6 Nc5+ 79.
Kf5 1-0

[Event "3rd Du Te Cup 2019"]
[Site "Shenzhen CHN"]
[Date "2019.04.20"]
[Round "4"]
[White "Rapport, Richard"]
[Black "Yu, Yangyi"]
[Result "1/2-1/2"]
[WhiteElo "2726"]
[BlackElo "2751"]
[PlyCount "62"]
[EventDate "2019.04.17"]

1. Nf3 d5 2. g3 c5 3. Bg2 Nc6 4. d4 e6 5. O-O Nf6 6. c4 dxc4 7. dxc5 Qxd1 8.
Rxd1 Bxc5 9. Nbd2 c3 10. bxc3 O-O 11. Nb3 Be7 12. Nfd4 Nxd4 13. cxd4 Nd5 14.
Na5 Bb4 15. Bd2 Nc3 16. Nxb7 Nxe2+ 17. Kf1 Nc3 18. Bxc3 Bxc3 19. Rac1 Bxb7 20.
Bxb7 Rab8 21. Rxc3 Rxb7 22. d5 exd5 23. Rxd5 Re8 24. Ra5 g6 25. Rca3 Ree7 26.
g4 Kg7 27. Kg2 h6 28. h4 Rbc7 29. Kg3 Rb7 30. h5 g5 31. Re3 Red7 1/2-1/2